Ekosozológia

Bibliographic Details
Main Author: Nevřelová, Marta, 1970- (Author)
Format: Software eBook
Language:Slovak
PhysicalDescription:1 elektronický optický disk (CD-ROM) fareb. 12 cm
Published: Bratislava Univerzita Komenského, Prírodovedecká fakulta 2013
ISBN:9788022335089
Edition:1. vyd.
Subjects:

MARC

LEADER 00000cam a2200000 a 4500
001 vtls010579436
003 SK-MaSNL
005 20260426002743.0
007 co cg auuua
008 240315s2013 xo | fsp 000 0 slo
015 |a SNBS2015 
020 |a 9788022335089  |q (elektronická kniha) 
040 |a SNK  |b slo  |c SNK  |e AACR2 
041 0 |a slo 
044 |a xo  |c SK 
072 7 |a 502  |x Životné prostredie a jeho ochrana  |2 konspekt 
080 |a 502.17  |2 2001 
080 |a 502.174  |2 2001 
080 |a (075.8)  |2 2001 
080 |a (0.034.44)  |2 2001 
100 1 |a Nevřelová, Marta,  |d 1970-  |4 aut  |9 1635311 
245 1 0 |a Ekosozológia  |h elektronický zdroj  |c Marta Nevřelová 
250 |a 1. vyd. 
260 |a Bratislava  |b Univerzita Komenského, Prírodovedecká fakulta  |c 2013 
300 |a 1 elektronický optický disk (CD-ROM)  |b fareb.  |c 12 cm 
500 |a Názov z titulnej obrazovky 
504 |a Bibliogr. odkazy 
516 |a Textový dokument (učebnica), súbor vo formáte pdf 
538 |a Technické požiadavky: PDF prehliadač 
650 0 7 |a ekosozológia  |2 SNKPH  |9 239042 
650 0 7 |a ochrana prírody  |2 SNKPH  |9 3778 
650 0 7 |a obnova životného prostredia  |2 SNKPH  |9 247333 
650 0 7 |a Ecosozology  |2 SNKPHeng  |9 604193 
650 0 7 |a Nature conservation  |2 SNKPHeng  |9 266020 
650 0 7 |a Restoration ecology  |2 SNKPHeng  |9 484841 
655 7 |a učebnice vysokých škôl  |2 SNKPH  |9 70191 
655 7 |a elektronické zdroje  |2 SNKPH  |9 90954 
655 7 |a CD-ROM  |2 SNKPH  |9 70236 
655 7 |a Textbooks (higher)  |2 SNKPHeng  |9 276436 
655 7 |a Electronic resources  |2 SNKPHeng  |9 175546 
852 |a Štátna vedecká knižnica v Banskej Bystrici 
919 |a 978-80-223-3508-9 
958 |a NB 
999 |c 926513  |d 928443 
952 |a SNK  |b SNK  |y PREZ  |7 0  |p 17A1109322  |o snkSCDM 6509  |i snk2014/10548  |8 0  |0 0  |1 0  |4 0  |d 2014-05-02  |l 0  |r 2026-02-24 08:35:35  |w 2026-02-24